000
00300nam a2200133Ia 4500
100
_a
Stallings/William
942
_c
BK
654
_a
wireless
245
_a
Wireless communications and networking
260
_b
Prentice Hall
_c
2004
082
_a
621.382
_b
STA
300
_a
584
546
_a
ENGLISH
999
_c
33316
_d
33316